000 00545nam a2200133Ia 4500
008 220615s9999||||xx |||||||||||||| ||und||
020 _a9782890000000
245 0 _aIntravital Microscopy Imaging of Leukocytes
546 _aEnglish[eng]
650 _aintravital microscopy (IVM)||intravital imaging||leukocytes||inflammation||eye||heart||liver||lymph nodes
700 _aKolaczkowska, Elzbieta||Jenne, Craig N.||Wong, Connie
856 _uhttps://www.frontiersin.org/research-topics/9296/intravital-microscopy-imaging-of-leukocytes
942 _cEB
999 _c9953
_d9953